Statistics for The Assassination of JFK

Click here to take the quiz!

General Stats

  • This quiz has been taken 11,146 times
  • The average score is 10 of 15

Answer Stats

HintAnswer% Correct
Year that it happened1963
98%
City in which the assassination took placeDallas
97%
Cuban leader who some theorize was responsibleFidel Castro
85%
The lone assassin, according to the official narrativeLee Harvey Oswald
85%
New President who was sworn in on Air Force One the same dayLyndon B. Johnson
81%
Foreign country which the assassin once lived inSoviet Union
75%
Cemetery in which Kennedy is buried{Arlington} National Cemetery
67%
Place from which the assassin fired his shotsTexas School {Book} Depository
62%
Place from which a second shooter might have fired{Grassy} Knoll
61%
Person who killed the assassinJack Ruby
61%
Designer of the pink suit that Jackie Kennedy was wearingCoco Chanel
52%
Day of the year that it happenedNovember 22
48%
Name of the official U.S. investigation into the assassinationThe {Warren} Commission
39%
Director of the conspiratorial movie "JFK", starring Kevin CostnerOliver Stone
38%
The only video record of the assassinationThe {Zapruder} Film
38%

Score Distribution

Percentile by Number Answered

Percent of People with Each Score

Your Score History

You have not taken this quiz